00876nam a2200241 a 450000100060000000300080000600500170001400800410003102000140007203500190008604000270010504100080013208200270014024501340016726000460030130000350034749000510038265000390043365000430047270000340051571000340054983000510058364710BD-RjUL20211209081336.0170219s1961 nyub 000 0 eng d a393093964 a(BD-RjUL)64840 aDLCcDLCbengdBD-RjUL aeng a342.7449223bMAS 197200aMassachusetts, Colony to Commonwealth :bdocuments on the formation of the constitution, 1775-1780 /cedited by Robert J. Taylor. aNew York :bW. W. Norton & Company,c1972 aviii, 166 p. :bill. ;c24 cm. aDocumentary problems in early American history 0aConstitutional lawzMassachusetts. 0aConstitutional historyzMassachusetts.1 aTaylor, Robert Joseph,d1917-12aMassachusetts.tConstitution. aDocumentary problems in early American history